Statistiken für Farben in 3 Sprachen Deluxe

Klicken Sie hier um das Quiz zu spielen!

Allgemein

  • Dieses Quiz wurde 181 mal gespielt
  • Das Durchschnittsergebnis liegt bei 25 aus 36

Antwortstatistiken

Deutsch% Korrekt
black
99%
rot
99%
schwarz
99%
blue
98%
gelb
98%
grün
98%
blau
96%
weiß
96%
green
95%
red
95%
white
95%
yellow
94%
pink
92%
rosa
92%
braun
88%
lila
86%
orange
85%
orange
85%
brown
82%
grau
77%
violet
68%
purple
60%
violett
56%
gray
55%
rojo
54%
verde
49%
negro
46%
blanco
45%
azul
43%
amarillo
40%
violeta
39%
naranja/anaranjado
38%
gris
24%
marrón
24%
rosado
12%
púrpura
2%

Verteilung der Resultate

Perzentil nach korrekt beantworteten Fragen

Anzahl Personen mit jedem Resultat

Ihre Resultats-Entwicklung

Sie haben dieses Quiz noch nicht gespielt